00573nam a22001697a 450000500170000001000150001702000260003203500130005803700130007124501060008426000500019027000650024030000250030550000400033070000140037070000190038420131024114319.0 aENG-108608 a9789350096925c195.00 aEN-92141 bDBAD/PUB aChanakya : cedited by Anu Kumar; illustrated by Priya Kuriyan bthe kingmaker and the philosopher / aGurgaonbHachette Book Publishing Indiac2013 a4th/5th Floors, Corporate Centre, Sector 44bGurgaone122003 axiv,177p.c18cm(pbk) aIncludes bibliographical references aAnu Kumar aKuriyan, Priya